Central Library OPAC University of Rajshahi

Genetic engineering and its applications / (Record no. 54866)

MARC details
000 -LEADER
fixed length control field 00722nam a2200241 a 4500
001 - CONTROL NUMBER
control field 54866
003 - CONTROL NUMBER IDENTIFIER
rucl marc code BD-RjUL
005 - DATE AND TIME OF LATEST TRANSACTION
control field 20211209080159.0
008 - FIXED-LENGTH DATA ELEMENTS--GENERAL INFORMATION
fixed length control field 161112r20072006ii a|||| b||| 001 0 eng d
020 ## - INTERNATIONAL STANDARD BOOK NUMBER
International Standard Book Number 8177541978
Terms of availability : IRs. 595.00
035 ## - SYSTEM CONTROL NUMBER
System control number (BD-RjUL)54988
040 ## - CATALOGING SOURCE
Original cataloging agency BD-RjUL
Language of cataloging eng
Transcribing agency BD-RjUL
041 ## - LANGUAGE CODE
Language code of text/sound track or separate title eng
082 ## - DEWEY DECIMAL CLASSIFICATION NUMBER
Edition number 23
Classification number 660.65
Author mark and year JOG 2007
100 1# - MAIN ENTRY--PERSONAL NAME
Personal name Joshi, Preeti.
9 (RLIN) 115223
245 10 - TITLE STATEMENT
Title Genetic engineering and its applications /
Statement of responsibility, etc. Preeti Joshi.
250 ## - EDITION STATEMENT
Edition statement 2nd enl. ed.
260 ## - PUBLICATION, DISTRIBUTION, ETC. (IMPRINT)
Place of publication, distribution, etc. India :
Name of publisher, distributor, etc. Agrobios,
Date of publication, distribution, etc. 2004 [ Reprinted 2007]
300 ## - PHYSICAL DESCRIPTION
Pagination 313 p. :
Illustrations ill. ;
Size 22 cm.
504 ## - BIBLIOGRAPHY, ETC. NOTE
Bibliography, etc Includes bibliographical references and index.
650 ## - SUBJECT ADDED ENTRY--TOPICAL TERM
Topical term or geographic name as entry element Genetic engineering.
9 (RLIN) 115224
942 ## - ADDED ENTRY ELEMENTS (KOHA)
Source of classification or shelving scheme Dewey Decimal Classification
Koha item type Books
Holdings
Lost status Source of classification or shelving scheme Damaged status Not for loan Collection code Permanent Location Current Location Shelving location Date acquired Source of acquisition Cost, normal purchase price Total Checkouts Full call number Date last seen Copy number Koha item type
  Dewey Decimal Classification     Non-fiction Central Library, University of Rajshahi Central Library, University of Rajshahi   19/08/2010 Dhaka,Paragon Enterprise Lit., 595.00   660.65 JOG 2007 12/11/2016 C-2 Books